{"text_format":"3","workbook":"xlsx","n_sheets":4,"sheets":["Overview","Accepted orders","Exceptions","Inventory review"],"not_rendered":{"defined_names":7},"read":"whole","date_system":"1900"}

{"sheet":"Overview","index":0,"n_rows":23,"n_cols":3,"rows_kept":23}
[]
["Northline Supply — checked operations report"]
["Synthetic demonstration. Generated snapshot; refresh the CSV inputs using the CLI."]
[]
["Measure","Result","Meaning"]
["Order rows received",26,"Every row is accepted or held."]
["Accepted order rows",19,"Unique key, valid values, matched inventory."]
["Order rows held",7,"Resolve source records before use."]
["Accepted order value (CAD)",{"v":3295.6,"d":"C$3,295.60"},"Excludes tax, shipping, discounts and refunds."]
["Inventory rows received",20,"Unique, validated SKU records only are matched."]
["Inventory rows held",0,"Dependent orders are held too."]
["Uncomputable order amounts",2,"Full source value unavailable if this is nonzero."]
["Inventory review flags",2,"Snapshot comparison only; no stock allocation."]
[]
[]
["Reconciliation of every source occurrence"]
[]
["Control","Result","Definition"]
["Order row difference",0,"26 received − 19 accepted − 7 held"]
["Inventory row difference",0,"20 received − 20 valid − 0 held"]
["Computable source value (CAD)",{"v":3913.1,"d":"C$3,913.10"},"Includes duplicate source occurrences. Not revenue."]
["Computable held value (CAD)",{"v":617.5,"d":"C$617.50"},"Known value only; excludes uncomputable rows."]
["Computable value difference (CAD)",{"v":0,"d":"C$0.00"},"Computable source − accepted − computable held"]

{"sheet":"Accepted orders","index":1,"n_rows":24,"n_cols":11,"rows_kept":24}
[]
["Accepted order lines"]
["Exact order prices × positive whole quantities. All values in CAD. Source row points to orders.csv."]
[]
["Source row","Order","Line","Date","Customer","SKU","Product","Quantity","Unit price","Currency","Line total"]
[2,"SO-1001","1","2026-09-21","Cedar Lane Goods","NS-001","Kraft shipping box small",12,{"v":18.5,"d":"C$18.50"},"CAD",{"v":222,"d":"C$222.00"}]
[3,"SO-1002","1","2026-09-21","Harbour Paper Co","NS-002","Kraft shipping box medium",8,{"v":24.75,"d":"C$24.75"},"CAD",{"v":198,"d":"C$198.00"}]
[4,"SO-1003","1","2026-09-21","Willow Home Store","NS-003","Kraft shipping box large",18,{"v":32,"d":"C$32.00"},"CAD",{"v":576,"d":"C$576.00"}]
[5,"SO-1004","1","2026-09-21","Birch & Thread","NS-004","Paper packing tape",6,{"v":9.95,"d":"C$9.95"},"CAD",{"v":59.7,"d":"C$59.70"}]
[7,"SO-1006","1","2026-09-22","Cedar Lane Goods","NS-006","Compostable mailer small",20,{"v":12.6,"d":"C$12.60"},"CAD",{"v":252,"d":"C$252.00"}]
[8,"SO-1007","1","2026-09-22","Harbour Paper Co","NS-007","Compostable mailer large",10,{"v":16.8,"d":"C$16.80"},"CAD",{"v":168,"d":"C$168.00"}]
[9,"SO-1008","1","2026-09-22","Willow Home Store","NS-008","Paper padded mailer",9,{"v":22.5,"d":"C$22.50"},"CAD",{"v":202.5,"d":"C$202.50"}]
[10,"SO-1009","1","2026-09-22","Birch & Thread","NS-009","Shipping label roll",4,{"v":31.25,"d":"C$31.25"},"CAD",{"v":125,"d":"C$125.00"}]
[11,"SO-1010","1","2026-09-22","Parkside Market","NS-010","Document pouch",25,{"v":4.8,"d":"C$4.80"},"CAD",{"v":120,"d":"C$120.00"}]
[12,"SO-1011","1","2026-09-23","Cedar Lane Goods","NS-011","Gift tissue kraft",15,{"v":11.9,"d":"C$11.90"},"CAD",{"v":178.5,"d":"C$178.50"}]
[13,"SO-1012","1","2026-09-23","Harbour Paper Co","NS-012","Gift tissue white",12,{"v":11.9,"d":"C$11.90"},"CAD",{"v":142.8,"d":"C$142.80"}]
[14,"SO-1013","1","2026-09-23","Willow Home Store","NS-013","Cotton packing twine",7,{"v":8.25,"d":"C$8.25"},"CAD",{"v":57.75,"d":"C$57.75"}]
[15,"SO-1014","1","2026-09-23","Birch & Thread","NS-014","Corrugated wrap",6,{"v":42.5,"d":"C$42.50"},"CAD",{"v":255,"d":"C$255.00"}]
[16,"SO-1015","1","2026-09-23","Parkside Market","NS-015","Cardboard corner guards",16,{"v":6.4,"d":"C$6.40"},"CAD",{"v":102.4,"d":"C$102.40"}]
[17,"SO-1016","1","2026-09-24","Cedar Lane Goods","NS-016","Fragile label pack",9,{"v":7.2,"d":"C$7.20"},"CAD",{"v":64.8,"d":"C$64.80"}]
[18,"SO-1017","1","2026-09-24","Harbour Paper Co","NS-017","Return label pouch",14,{"v":5.6,"d":"C$5.60"},"CAD",{"v":78.4,"d":"C$78.40"}]
[19,"SO-1018","1","2026-09-24","Willow Home Store","NS-018","Paper void fill",5,{"v":38.75,"d":"C$38.75"},"CAD",{"v":193.75,"d":"C$193.75"}]
[20,"SO-1019","1","2026-09-24","Birch & Thread","NS-019","Recycled pallet wrap",8,{"v":29.95,"d":"C$29.95"},"CAD",{"v":239.6,"d":"C$239.60"}]
[21,"SO-1020","1","2026-09-24","Parkside Market","NS-020","Packing tape dispenser",3,{"v":19.8,"d":"C$19.80"},"CAD",{"v":59.4,"d":"C$59.40"}]

{"sheet":"Exceptions","index":2,"n_rows":12,"n_cols":6,"rows_kept":12}
[]
["Source records held for review"]
["Resolve values in an authorised source copy, then rerun. A blank amount is unknown, never zero."]
[]
["Source file","Source row","Record","Why held","Required action","Known CAD value"]
["orders.csv",6,"SO-1005/1","DUPLICATE_ORDER_LINE","Confirm source values and business rule; correct a new export and rerun.",{"v":137,"d":"C$137.00"}]
["orders.csv",22,"SO-1021/1","UNKNOWN_SKU","Confirm source values and business rule; correct a new export and rerun.",{"v":99,"d":"C$99.00"}]
["orders.csv",23,"SO-1022/1","INVALID_OR_AMBIGUOUS_DATE","Confirm source values and business rule; correct a new export and rerun.",{"v":148.5,"d":"C$148.50"}]
["orders.csv",24,"SO-1023/1","INVALID_OR_AMBIGUOUS_DATE","Confirm source values and business rule; correct a new export and rerun.",{"v":96,"d":"C$96.00"}]
["orders.csv",25,"SO-1024/1","MISSING_QUANTITY; INVALID_QUANTITY","Confirm source values and business rule; correct a new export and rerun."]
["orders.csv",26,"SO-1025/1","INVALID_UNIT_PRICE","Confirm source values and business rule; correct a new export and rerun."]
["orders.csv",27,"SO-1005/1","DUPLICATE_ORDER_LINE","Confirm source values and business rule; correct a new export and rerun.",{"v":137,"d":"C$137.00"}]

{"sheet":"Inventory review","index":3,"n_rows":25,"n_cols":8,"rows_kept":25}
[]
["Inventory snapshot review"]
["Accepted orders only. The quantity gap is a comparison, not allocation or a closing-stock forecast."]
[]
["SKU","Product","Snapshot date","On hand","Reorder at","Accepted demand","Quantity gap","Review"]
["NS-001","Kraft shipping box small","2026-09-21",120,30,12,0,"NO FLAG"]
["NS-002","Kraft shipping box medium","2026-09-21",85,25,8,0,"NO FLAG"]
["NS-003","Kraft shipping box large","2026-09-21",12,20,18,6,"ACCEPTED DEMAND EXCEEDS SNAPSHOT"]
["NS-004","Paper packing tape","2026-09-21",90,20,6,0,"NO FLAG"]
["NS-005","Recycled packing paper","2026-09-21",65,15,0,0,"NO FLAG"]
["NS-006","Compostable mailer small","2026-09-21",150,40,20,0,"NO FLAG"]
["NS-007","Compostable mailer large","2026-09-21",100,30,10,0,"NO FLAG"]
["NS-008","Paper padded mailer","2026-09-21",80,20,9,0,"NO FLAG"]
["NS-009","Shipping label roll","2026-09-21",60,15,4,0,"NO FLAG"]
["NS-010","Document pouch","2026-09-21",220,50,25,0,"NO FLAG"]
["NS-011","Gift tissue kraft","2026-09-21",110,25,15,0,"NO FLAG"]
["NS-012","Gift tissue white","2026-09-21",95,25,12,0,"NO FLAG"]
["NS-013","Cotton packing twine","2026-09-21",70,20,7,0,"NO FLAG"]
["NS-014","Corrugated wrap","2026-09-21",45,15,6,0,"NO FLAG"]
["NS-015","Cardboard corner guards","2026-09-21",150,40,16,0,"NO FLAG"]
["NS-016","Fragile label pack","2026-09-21",4,10,9,5,"ACCEPTED DEMAND EXCEEDS SNAPSHOT"]
["NS-017","Return label pouch","2026-09-21",140,30,14,0,"NO FLAG"]
["NS-018","Paper void fill","2026-09-21",35,10,5,0,"NO FLAG"]
["NS-019","Recycled pallet wrap","2026-09-21",48,12,8,0,"NO FLAG"]
["NS-020","Packing tape dispenser","2026-09-21",24,8,3,0,"NO FLAG"]